000 00839nam a2200241 i 4500
001 bg
003 KOSZ 005
005 20200630132817.0
008 070620s1969 pl f 000 0 pol
015 _aPB 1969/5050
040 _aWA N
_cKOSZ 005/RW
_dKOSZ 005/RW
080 _a347.77
245 0 0 _aZagadnienia prawa wynalazczego /
_cS. Grzybowski [et al. ; red. S. Grzybowski].
260 _aWarszawa :
_bPaństwowe Wydawnictwo Naukowe,
_c1969.
300 _a366, [2] s. ;
_c23 cm.
380 _aKsiążki.
504 _aBibliogr. s. 354-[361].
650 4 _aWynalazki
_xprawo
_zPolska.
700 1 _aGrzybowski, Stefan
_d(1902-2003).
_eAutor
710 2 _aPaństwowe Wydawnictwo Naukowe
_4pbl.
856 _uhttp://koha.tu.koszalin.pl/cgi-bin/koha/opac-detail.pl?biblionumber=8067
_yKatalog online BPK
942 _2UKD
_cKS
999 _c8067
_d8067